[Event "GX Alekhine Open de Outono 2023"]
[Site "Lisboa, Portugal"]
[Date "????.??.??"]
[Round "5.2"]
[White "Ferreira, Vasco Capitao Mendes"]
[Black "Teves, Pedro Lopes"]
[Result "1-0"]
[WhiteElo "1538"]
[BlackElo "1526"]
[PlyCount "67"]

{[%evp 0,67,23,16,78,69,60,36,31,40,52,52,38,36,36,34,31,29,31,29,28,28,28,25,14,18,13,13,13,9,20,11,1,0,1,0,0,-12,-12,-103,0,0,385,383,389,392,410,408,426,428,434,442,610,638,674,709,703,601,619,620,626,632,635,529,548,548,543,554,548,587]} 1. e4 {[%emt 0:00:01]} c6 {[%emt 0:03:07]} 2. d4 {[%emt 0:00:21]} d5 {[%emt 0:00:08]} 3. Nc3 {[%emt 0:00:19]} dxe4 {[%emt 0:00:20]} 4. Nxe4 {[%emt 0:00:27]} Bf5 {[%emt 0:00:11]} 5. Ng3 {[%emt 0:00:12]} Bg6 {[%emt 0:00:02]} 6. h4 {[%emt 0:01:01]} h6 {[%emt 0:00:10]} 7. h5 {[%emt 0:01:52]} Bh7 {[%emt 0:00:03]} 8. Nf3 {[%emt 0:00:07]} Nd7 {[%emt 0:00:10]} 9. Bd3 {[%emt 0:01:13]} Bxd3 {[%emt 0:00:14]} 10. Qxd3 {[%emt 0:00:07]} e6 {[%emt 0:00:32]} 11. Bf4 {[%emt 0:01:38]} Qa5+ {[%emt 0:00:12]} 12. Bd2 {[%emt 0:07:20]} Qc7 {[%emt 0:00:19]} 13. O-O-O {[%emt 0:02:14]} Ngf6 {[%emt 0:03:08]} 14. Ne2 {[%emt 0:02:16]} O-O-O {[%emt 0:02:05]} 15. Bf4 {[%emt 0:03:40]} Bd6 {[%emt 0:00:07]} 16. Bxd6 {[%emt 0:00:24]} Qxd6 {[%emt 0:00:02]} 17. a3 {[%emt 0:06:49]} Rhe8 {[%emt 0:02:59]} 18. Ng3 {[%emt 0:05:33]} Qc7 {[%emt 0:16:54]} 19. Qb3 {[%emt 0:10:40]} Qf4+ {[%emt 0:07:23]} 20. Kb1 {[%emt 0:03:08]} Ne4 {[%emt 0:00:24]} 21. Rh4 {[%emt 0:02:03]} Qc7 {[%emt 0:12:34]} 22. Nxe4 {[%emt 0:00:37]} f5 {[%emt 0:00:17]} 23. Nc3 {[%emt 0:01:58]} a5 {[%emt 0:04:11]} 24. Rhh1 {[%emt 0:07:08]} b5 {[%emt 0:00:39]} 25. Rd3 {[%emt 0:05:06]} Nb8 {[%emt 0:01:58]} 26. Nxb5 {[%emt 0:04:51]} cxb5 {[%emt 0:00:40]} 27. Rc3 {[%emt 0:00:13]} Nc6 {[%emt 0:00:24]} 28. Qxb5 {[%emt 0:01:02]} Rd5 {[%emt 0:02:02]} 29. Qxc6 {[%emt 0:01:24]} Qxc6 {[%emt 0:00:07]} 30. Rxc6+ {[%emt 0:00:06]} Kb7 {[%emt 0:00:03]} 31. Rc5 {[%emt 0:01:12]} Rxc5 {[%emt 0:00:29]} 32. dxc5 {[%emt 0:00:06]} e5 {[%emt 0:00:51]} 33. Re1 {[%emt 0:01:35]} e4 {[%emt 0:00:08]} 34. Nd4 {[%emt 0:02:19]} 1-0

[Event "GX Alekhine Open de Outono 2023"]
[Site "Lisboa, Portugal"]
[Date "????.??.??"]
[Round "5.1"]
[White "Dias, Antonio Alberto"]
[Black "Descamps, Bert"]
[Result "0-1"]
[WhiteElo "1643"]
[BlackElo "1786"]
[PlyCount "81"]

1. d4 {[%emt 0:00:30]} Nf6 {[%emt 0:00:54]} 2. Nc3 {[%emt 0:00:29]} d5 {[%emt 0:00:41]} 3. Bg5 {[%emt 0:00:38]} Bf5 {[%emt 0:02:48]} 4. f3 {[%emt 0:02:15]} Nc6 {[%emt 0:06:01]} 5. e3 {[%emt 0:01:18]} h6 {[%emt 0:02:25]} 6. Bh4 {[%emt 0:00:28]} a6 {[%emt 0:03:46]} 7. a3 {[%emt 0:00:50]} Qd7 {[%emt 0:06:05]} 8. Bd3 {[%emt 0:04:54]} O-O-O {[%emt 0:03:54]} 9. b4 {[%emt 0:01:59]} e5 {[%emt 0:04:30]} 10. Nge2 {[%emt 0:05:12]} g5 {[%emt 0:12:35]} 11. Bxf5 {[%emt 0:01:38]} Qxf5 {[%emt 0:00:10]} 12. Bf2 {[%emt 0:00:09]} g4 {[%emt 0:07:56]} 13. Ng3 {[%emt 0:02:12]} Qe6 {[%emt 0:02:12]} 14. O-O {[%emt 0:00:45]} h5 {[%emt 0:01:57]} 15. b5 {[%emt 0:03:58]} axb5 {[%emt 0:01:21]} 16. dxe5 {[%emt 0:00:50]} Nxe5 {[%emt 0:02:53]} 17. Nxb5 {[%emt 0:00:21]} gxf3 {[%emt 0:05:20]} 18. Nd4 {[%emt 0:02:43]} Qg4 {[%emt 0:05:42]} 19. h3 {[%emt 0:00:07]} Qg6 {[%emt 0:02:33]} 20. Nxf3 {[%emt 0:00:26]} Bd6 {[%emt 0:01:38]} 21. Nd4 {[%emt 0:01:19]} Rhg8 {[%emt 0:02:24]} 22. Ndf5 {[%emt 0:01:00]} Ne4 {[%emt 0:04:03]} 23. Qxh5 {[%emt 0:00:27]} Nxg3 {[%emt 0:06:32]} 24. Nxg3 {[%emt 0:00:07]} Qe6 {[%emt 0:03:09]} 25. Qf5 {[%emt 0:00:49]} Rg6 {[%emt 0:02:48]} 26. Qxe6+ {[%emt 0:00:54]} fxe6 {[%emt 0:00:12]} 27. Ne2 {[%emt 0:00:13]} Nf3+ {[%emt 0:01:21]} 28. Kh1 {[%emt 0:00:17]} Nd2 {[%emt 0:00:19]} 29. Rg1 {[%emt 0:01:57]} Ne4 {[%emt 0:00:45]} 30. Be1 {[%emt 0:00:31]} e5 {[%emt 0:00:59]} 31. g4 {[%emt 0:01:46]} Bc5 {[%emt 0:00:47]} 32. Kg2 {[%emt 0:00:54]} Bxe3 {[%emt 0:00:20]} 33. Rf1 {[%emt 0:00:11]} d4 {[%emt 0:01:41]} 34. Rf5 {[%emt 0:00:42]} Re8 {[%emt 0:00:53]} 35. Ng3 {[%emt 0:03:19]} Nd6 {[%emt 0:00:35]} 36. Rh5 {[%emt 0:01:20]} Bf4 {[%emt 0:01:45]} 37. Rd1 {[%emt 0:03:02]} Nc4 {[%emt 0:00:12]} 38. Nf5 {[%emt 0:01:42]} Nxa3 {[%emt 0:00:41]} 39. Ra1 {[%emt 0:00:36]} Ra6 40. Nxd4 {[%emt 0:00:24]} exd4 {[%emt 0:00:28]} 41. Kf2 {[%emt 0:03:23]} 0-1

[Event "GX Alekhine Open de Outono 2023"]
[Site "Lisboa, Portugal"]
[Date "????.??.??"]
[Round "5.3"]
[White "Placido, Guilherme Bogalho"]
[Black "Goncalves, Carlos Manuel Marques"]
[Result "1-0"]
[WhiteElo "1450"]
[BlackElo "1528"]
[PlyCount "121"]

{[%evp 0,121,23,23,24,6,6,3,6,-20,0,1,3,14,22,25,62,64,65,58,62,60,60,68,117,109,112,116,136,136,332,57,56,59,59,55,62,60,83,101,74,73,75,72,125,96,141,122,144,132,165,160,274,174,183,160,179,159,166,168,175,164,170,178,205,214,220,218,226,228,237,246,252,265,256,249,259,188,116,133,108,104,75,104,80,78,80,67,70,70,68,53,52,47,52,38,47,47,47,47,47,47,184,184,319,290,361,359,371,440,440,440,558,643,676,650,709,567,567,29964,1429,29960,28237,29972]} 1. d4 {[%emt 0:00:01]} d5 {[%emt 0:00:33]} 2. c4 {[%emt 0:00:07]} e6 {[%emt 0:00:20]} 3. Nc3 {[%emt 0:00:06]} Nf6 {[%emt 0:00:14]} 4. cxd5 {[%emt 0:00:08]} exd5 {[%emt 0:00:30]} 5. Bg5 {[%emt 0:00:07]} Nbd7 {[%emt 0:02:24]} 6. e3 {[%emt 0:00:13]} c6 {[%emt 0:00:17]} 7. Bd3 {[%emt 0:00:07]} Qa5 {[%emt 0:04:04]} 8. Nge2 {[%emt 0:01:58]} Ne4 {[%emt 0:01:31]} 9. Bxe4 {[%emt 0:00:18]} dxe4 {[%emt 0:00:02]} 10. Bf4 {[%emt 0:00:51]} Nf6 {[%emt 0:00:24]} 11. O-O {[%emt 0:01:30]} Nd5 {[%emt 0:05:15]} 12. Nxd5 {[%emt 0:01:43]} cxd5 {[%emt 0:00:20]} 13. Qb3 {[%emt 0:00:56]} b6 {[%emt 0:05:51]} 14. Nc3 {[%emt 0:00:28]} Ba6 {[%emt 0:00:05]} 15. Qxd5 {[%emt 0:05:52]} Qxd5 {[%emt 0:00:17]} 16. Nxd5 {[%emt 0:00:03]} Bxf1 {[%emt 0:00:27]} 17. Nc7+ {[%emt 0:00:20]} Kd7 {[%emt 0:00:04]} 18. Nxa8 {[%emt 0:01:30]} Bd6 {[%emt 0:02:38]} 19. Nxb6+ {[%emt 0:00:44]} axb6 {[%emt 0:00:06]} 20. Kxf1 {[%emt 0:00:48]} Bxf4 {[%emt 0:00:08]} 21. exf4 {[%emt 0:00:28]} f5 {[%emt 0:00:26]} 22. Rc1 {[%emt 0:00:15]} Kd6 {[%emt 0:00:31]} 23. Rc3 {[%emt 0:01:54]} Ra8 {[%emt 0:01:42]} 24. a3 {[%emt 0:00:20]} Ra5 {[%emt 0:01:06]} 25. Ke2 {[%emt 0:02:09]} Kd7 {[%emt 0:00:29]} 26. Rc4 {[%emt 0:05:11]} g6 {[%emt 0:04:57]} 27. Kd2 {[%emt 0:02:10]} Rd5 {[%emt 0:01:06]} 28. Kc3 {[%emt 0:01:21]} h6 {[%emt 0:01:26]} 29. Rb4 {[%emt 0:01:29]} Kc6 {[%emt 0:01:55]} 30. Kc4 {[%emt 0:00:43]} b5+ {[%emt 0:01:45]} 31. Kc3 {[%emt 0:00:25]} g5 {[%emt 0:00:11]} 32. fxg5 {[%emt 0:00:22]} hxg5 {[%emt 0:00:12]} 33. a4 {[%emt 0:03:02]} bxa4 {[%emt 0:03:05]} 34. Rxa4 {[%emt 0:01:40]} Kb7 {[%emt 0:00:13]} 35. Kc4 {[%emt 0:00:28]} Rd8 {[%emt 0:00:42]} 36. Ra5 {[%emt 0:00:42]} Rf8 {[%emt 0:01:09]} 37. b4 {[%emt 0:02:26]} g4 {[%emt 0:00:20]} 38. f3 {[%emt 0:05:34]} gxf3 {[%emt 0:02:02]} 39. gxf3 {[%emt 0:00:10]} exf3 {[%emt 0:02:33]} 40. Ra3 {[%emt 0:01:25]} Rc8+ {[%emt 0:01:51]} 41. Kb5 {[%emt 0:00:45]} Rd8 {[%emt 0:06:49]} 42. Rxf3 {[%emt 0:00:25]} Rxd4 {[%emt 0:00:17]} 43. Rxf5 {[%emt 0:00:51]} Rh4 {[%emt 0:00:10]} 44. Rf2 {[%emt 0:01:25]} Rh5+ {[%emt 0:02:32]} 45. Ka4 {[%emt 0:00:41]} Kb6 {[%emt 0:03:14]} 46. Rb2 {[%emt 0:01:08]} Rh4 {[%emt 0:00:32]} 47. Kb3 {[%emt 0:00:20]} Kb5 {[%emt 0:00:37]} 48. Kc3 {[%emt 0:00:35]} Kc6 {[%emt 0:13:02]} 49. Kd3 {[%emt 0:01:16]} Kd5 {[%emt 0:00:07]} 50. Ke3 {[%emt 0:02:05]} Ke5 {[%emt 0:00:04]} 51. Kf3 {[%emt 0:00:27]} Kf5 {[%emt 0:00:13]} 52. Kg3 {[%emt 0:00:13]} Kg5 {[%emt 0:00:15]} 53. b5 {[%emt 0:02:05]} Rh7 {[%emt 0:02:29]} 54. b6 {[%emt 0:00:23]} Rb7 {[%emt 0:00:06]} 55. Rb5+ {[%emt 0:00:24]} Kh6 {[%emt 0:01:14]} 56. Kf4 {[%emt 0:00:20]} Kg6 {[%emt 0:01:04]} 57. Ke5 {[%emt 0:00:27]} Rh7 {[%emt 0:00:35]} 58. Kd6 {[%emt 0:00:27]} Rxh2 {[%emt 0:00:10]} 59. b7 {[%emt 0:00:19]} Rd2+ {[%emt 0:00:12]} 60. Kc6 {[%emt 0:00:31]} Rc2+ {[%emt 0:00:06]} 61. Kb6 1-0

[Event "GX Alekhine Open de Outono 2023"]
[Site "Lisboa, Portugal"]
[Date "????.??.??"]
[Round "5.4"]
[White "Goncalves, Beatriz Maria Alves Da Cruz Nunes"]
[Black "Andrade, Pedro Tome Cacao De"]
[Result "0-1"]
[WhiteElo "1214"]
[BlackElo "1448"]
[PlyCount "64"]

{[%evp 0,64,23,16,46,48,80,78,82,30,28,27,62,59,41,30,24,-42,-35,-88,-90,-86,-94,-84,-69,-77,-72,-104,-79,-159,-181,-398,-257,-257,-251,-405,-398,-416,-436,-500,-480,-467,-470,-480,-478,-474,-467,-457,-416,-483,-473,-501,-523,-576,-613,-1073,-803,-29989,-29990,-29991,-1926,-29979,-29980,-29981,-29982,-29999,-30000]} 1. e4 {[%emt 0:00:03]} c5 {[%emt 0:04:35]} 2. Nf3 {[%emt 0:00:16]} d6 {[%emt 0:00:49]} 3. d4 {[%emt 0:00:22]} cxd4 {[%emt 0:00:03]} 4. Nxd4 {[%emt 0:00:07]} Nf6 {[%emt 0:01:20]} 5. Nc3 {[%emt 0:00:03]} g6 {[%emt 0:00:26]} 6. Be3 {[%emt 0:00:48]} Bg7 {[%emt 0:01:06]} 7. Bd3 {[%emt 0:00:20]} O-O {[%emt 0:02:17]} 8. O-O {[%emt 0:00:13]} Ng4 {[%emt 0:01:16]} 9. h3 {[%emt 0:01:35]} Nxe3 {[%emt 0:00:06]} 10. fxe3 {[%emt 0:00:11]} Nc6 {[%emt 0:05:55]} 11. Bc4 {[%emt 0:01:46]} Qb6 {[%emt 0:02:30]} 12. Bb3 {[%emt 0:07:37]} e6 {[%emt 0:06:58]} 13. Ncb5 {[%emt 0:02:17]} a6 {[%emt 0:06:49]} 14. Nxd6 {[%emt 0:02:44]} Nxd4 {[%emt 0:00:48]} 15. exd4 {[%emt 0:00:28]} Qxd6 {[%emt 0:00:52]} 16. e5 {[%emt 0:05:36]} Qb6 {[%emt 0:01:41]} 17. c3 {[%emt 0:00:19]} Bxe5 {[%emt 0:00:18]} 18. Rf2 {[%emt 0:01:11]} Bc7 {[%emt 0:00:58]} 19. Rf3 {[%emt 0:04:01]} Qd6 {[%emt 0:00:13]} 20. g3 {[%emt 0:00:42]} b5 {[%emt 0:00:03]} 21. Qf1 {[%emt 0:01:56]} Bb7 {[%emt 0:00:32]} 22. Re3 {[%emt 0:00:41]} h5 {[%emt 0:01:22]} 23. h4 {[%emt 0:02:52]} a5 {[%emt 0:01:40]} 24. a3 {[%emt 0:01:07]} b4 {[%emt 0:01:04]} 25. axb4 {[%emt 0:01:11]} axb4 {[%emt 0:00:09]} 26. Rxa8 {[%emt 0:00:25]} Rxa8 {[%emt 0:00:04]} 27. Re5 {[%emt 0:03:23]} Qc6 {[%emt 0:00:41]} 28. Rc5 {[%emt 0:06:23]} Qh1+ {[%emt 0:00:27]} 29. Kf2 {[%emt 0:05:45]} Bxg3+ {[%emt 0:00:10]} 30. Ke2 {[%emt 0:00:22]} Qe4+ {[%emt 0:00:38]} 31. Kd2 {[%emt 0:00:25]} Bf4+ {[%emt 0:00:06]} 32. Kd1 {[%emt 0:00:26]} Ra1# {[%emt 0:00:05]} 0-1

[Event "GX Alekhine Open de Outono 2023"]
[Site "Lisboa, Portugal"]
[Date "????.??.??"]
[Round "6.2"]
[White "Andrade, Pedro Tome Cacao De"]
[Black "Dias, Antonio Alberto"]
[Result "1-0"]
[WhiteElo "1448"]
[BlackElo "1643"]
[PlyCount "41"]

{[%evp 0,41,23,22,22,16,34,14,38,15,44,9,134,54,164,159,215,229,291,301,301,296,349,336,299,299,380,339,618,528,528,386,604,611,638,614,724,696,703,736,758,810,810,776]} 1. e4 {[%emt 0:21:19]} e5 {[%emt 0:00:17]} 2. Nf3 {[%emt 0:00:53]} Nf6 {[%emt 0:00:11]} 3. Nc3 {[%emt 0:02:17]} Bb4 {[%emt 0:00:23]} 4. Bc4 {[%emt 0:02:01]} Bxc3 {[%emt 0:05:27]} 5. dxc3 {[%emt 0:02:12]} Nxe4 {[%emt 0:00:06]} 6. Bxf7+ {[%emt 0:02:07]} Kf8 {[%emt 0:00:59]} 7. Bb3 {[%emt 0:08:27]} c6 {[%emt 0:04:15]} 8. O-O {[%emt 0:02:47]} d6 {[%emt 0:00:51]} 9. Nxe5 {[%emt 0:00:42]} d5 {[%emt 0:01:52]} 10. c4 {[%emt 0:07:11]} Qe7 {[%emt 0:04:20]} 11. Nf3 {[%emt 0:07:07]} dxc4 {[%emt 0:09:49]} 12. Bxc4 {[%emt 0:03:58]} b5 {[%emt 0:00:19]} 13. Bb3 {[%emt 0:02:14]} Bf5 {[%emt 0:06:09]} 14. Re1 {[%emt 0:03:23]} Na6 {[%emt 0:02:45]} 15. Nd2 {[%emt 0:04:49]} Re8 {[%emt 0:03:08]} 16. Qf3 {[%emt 0:01:09]} Qf6 {[%emt 0:02:36]} 17. Nxe4 {[%emt 0:00:23]} Rxe4 {[%emt 0:01:17]} 18. Rxe4 {[%emt 0:00:19]} Bxe4 {[%emt 0:00:35]} 19. Qxe4 {[%emt 0:00:09]} Nc5 {[%emt 0:01:42]} 20. Qb4 {[%emt 0:00:28]} Qe7 {[%emt 0:04:17]} 21. Bd2 {[%emt 0:01:41]} 1-0

[Event "GX Alekhine Open de Outono 2023"]
[Site "Lisboa, Portugal"]
[Date "????.??.??"]
[Round "6.1"]
[White "Descamps, Bert"]
[Black "Placido, Guilherme Bogalho"]
[Result "1-0"]
[WhiteElo "1786"]
[BlackElo "1450"]
[PlyCount "71"]

1. e4 {[%emt 0:00:03]} e5 {[%emt 0:00:05]} 2. Nf3 {[%emt 0:00:07]} Nc6 {[%emt 0:00:06]} 3. Bb5 {[%emt 0:00:15]} a6 {[%emt 0:00:06]} 4. Ba4 {[%emt 0:00:05]} Nf6 {[%emt 0:00:05]} 5. d3 {[%emt 0:00:12]} b5 {[%emt 0:00:06]} 6. Bb3 {[%emt 0:00:09]} Bc5 {[%emt 0:00:07]} 7. Bg5 {[%emt 0:00:39]} h6 {[%emt 0:00:24]} 8. Bh4 {[%emt 0:00:11]} d6 {[%emt 0:00:19]} 9. Nbd2 {[%emt 0:01:13]} Na5 {[%emt 0:00:16]} 10. O-O {[%emt 0:00:48]} Nxb3 {[%emt 0:00:25]} 11. axb3 {[%emt 0:00:22]} g5 {[%emt 0:01:16]} 12. Bg3 {[%emt 0:00:16]} h5 {[%emt 0:01:48]} 13. h4 {[%emt 0:03:13]} g4 {[%emt 0:01:24]} 14. Nh2 {[%emt 0:03:49]} Nh7 {[%emt 0:05:15]} 15. Kh1 {[%emt 0:03:12]} Nf8 {[%emt 0:04:20]} 16. f3 {[%emt 0:09:05]} Ng6 {[%emt 0:05:34]} 17. Qe1 {[%emt 0:03:45]} c6 {[%emt 0:09:31]} 18. Nb1 {[%emt 0:07:10]} Ra7 {[%emt 0:01:26]} 19. b4 {[%emt 0:01:58]} Bb6 {[%emt 0:00:29]} 20. Nc3 {[%emt 0:03:09]} f6 {[%emt 0:05:45]} 21. Ne2 {[%emt 0:03:03]} Be3 {[%emt 0:06:50]} 22. Rd1 {[%emt 0:09:48]} c5 {[%emt 0:02:55]} 23. f4 {[%emt 0:08:22]} Bxf4 {[%emt 0:02:42]} 24. Nxf4 {[%emt 0:01:37]} Nxf4 {[%emt 0:01:17]} 25. Bxf4 {[%emt 0:00:30]} exf4 {[%emt 0:00:08]} 26. Rxf4 {[%emt 0:00:25]} Rf7 {[%emt 0:04:35]} 27. Nf1 {[%emt 0:06:34]} Be6 {[%emt 0:01:47]} 28. Ne3 {[%emt 0:01:16]} Kd7 {[%emt 0:01:20]} 29. bxc5 {[%emt 0:00:54]} dxc5 {[%emt 0:02:25]} 30. d4 {[%emt 0:01:15]} Kc7 {[%emt 0:01:43]} 31. dxc5 {[%emt 0:01:41]} Rd7 {[%emt 0:00:17]} 32. Qa5+ {[%emt 0:03:56]} Kb7 {[%emt 0:01:10]} 33. c6+ {[%emt 0:02:57]} Kxc6 {[%emt 0:00:11]} 34. Qxa6+ {[%emt 0:00:20]} Kc5 {[%emt 0:01:38]} 35. b4+ {[%emt 0:01:35]} Kxb4 {[%emt 0:00:13]} 36. Rb1+ {[%emt 0:00:25]} 1-0

[Event "GX Alekhine Open de Outono 2023"]
[Site "Lisboa, Portugal"]
[Date "????.??.??"]
[Round "6.4"]
[White "Teves, Pedro Lopes"]
[Black "Gasalho, Mario da Conceicao Neves"]
[Result "1-0"]
[WhiteElo "1526"]
[BlackElo "1453"]
[PlyCount "77"]

{[%evp 0,77,23,23,32,6,50,50,54,66,68,70,72,48,59,67,92,79,108,57,57,72,66,63,63,-2,54,28,26,6,6,0,97,112,96,105,254,267,319,299,471,465,479,486,484,492,503,505,529,531,530,475,490,485,480,501,504,483,496,451,459,459,460,419,418,449,442,425,434,441,431,456,470,486,488,488,494,499,501,502]} 1. d4 {[%emt 0:00:02]} e6 {[%emt 0:00:20]} 2. c4 {[%emt 0:00:34]} f5 {[%emt 0:00:38]} 3. Nf3 {[%emt 0:01:35]} d5 {[%emt 0:00:35]} 4. cxd5 {[%emt 0:03:24]} exd5 {[%emt 0:00:11]} 5. Nc3 {[%emt 0:00:11]} Nf6 {[%emt 0:01:21]} 6. Bg5 {[%emt 0:01:12]} Be6 {[%emt 0:02:34]} 7. e3 {[%emt 0:00:52]} a6 {[%emt 0:00:06]} 8. Bd3 {[%emt 0:00:38]} Bd6 {[%emt 0:02:02]} 9. Qc2 {[%emt 0:01:52]} h6 {[%emt 0:07:27]} 10. Bxf6 {[%emt 0:04:18]} Qxf6 {[%emt 0:00:41]} 11. Qb3 {[%emt 0:07:38]} b5 {[%emt 0:05:56]} 12. Rc1 {[%emt 0:04:31]} Qf7 {[%emt 0:01:58]} 13. Qc2 {[%emt 0:01:24]} O-O {[%emt 0:01:34]} 14. O-O {[%emt 0:08:23]} Nd7 {[%emt 0:01:52]} 15. Ne2 {[%emt 0:01:47]} Nf6 {[%emt 0:02:20]} 16. Ne5 {[%emt 0:00:28]} Bxe5 {[%emt 0:08:41]} 17. dxe5 {[%emt 0:00:06]} Ne8 {[%emt 0:00:49]} 18. Qc6 {[%emt 0:04:10]} Ra7 {[%emt 0:02:07]} 19. Nf4 {[%emt 0:01:18]} Bd7 {[%emt 0:03:31]} 20. e6 {[%emt 0:04:49]} Bxc6 {[%emt 0:12:41]} 21. exf7+ {[%emt 0:00:12]} Rxf7 {[%emt 0:01:54]} 22. Rxc6 {[%emt 0:00:09]} Rf6 {[%emt 0:05:11]} 23. Nxd5 {[%emt 0:00:42]} Rd6 {[%emt 0:01:15]} 24. Bxf5 {[%emt 0:01:10]} Kf8 {[%emt 0:02:31]} 25. Rxd6 {[%emt 0:00:28]} Nxd6 {[%emt 0:00:19]} 26. Bg4 {[%emt 0:03:04]} c5 {[%emt 0:01:06]} 27. Rd1 {[%emt 0:04:08]} Ne4 {[%emt 0:03:35]} 28. Bf3 {[%emt 0:04:41]} Ng5 {[%emt 0:00:51]} 29. Rc1 {[%emt 0:00:33]} Nxf3+ {[%emt 0:00:49]} 30. gxf3 {[%emt 0:00:03]} c4 {[%emt 0:00:23]} 31. b3 {[%emt 0:00:29]} cxb3 {[%emt 0:01:37]} 32. axb3 {[%emt 0:00:02]} a5 {[%emt 0:01:27]} 33. Rc8+ {[%emt 0:08:59]} Kf7 {[%emt 0:00:42]} 34. Rc7+ {[%emt 0:04:38]} Rxc7 {[%emt 0:00:14]} 35. Nxc7 {[%emt 0:00:02]} a4 {[%emt 0:01:56]} 36. Nxb5 {[%emt 0:00:07]} axb3 {[%emt 0:00:23]} 37. Kf1 {[%emt 0:00:48]} b2 {[%emt 0:01:07]} 38. Nc3 {[%emt 0:00:09]} Ke6 39. Ke2 1-0

[Event "GX Alekhine Open de Outono 2023"]
[Site "Lisboa, Portugal"]
[Date "????.??.??"]
[Round "6.3"]
[White "Ferreira, Vasco Capitao Mendes"]
[Black "Seia, Joao Manuel Barradas Aragao"]
[Result "1-0"]
[WhiteElo "1538"]
[BlackElo "1535"]
[PlyCount "67"]

{[%evp 0,67,23,22,76,46,48,29,31,31,59,75,77,62,56,51,50,17,14,14,41,18,26,5,5,18,23,23,130,165,169,200,181,111,157,153,175,165,194,103,103,151,158,-19,-18,0,-19,-9,-9,-32,103,114,126,134,141,140,128,128,122,122,184,190,228,229,562,574,576,583,594,608]} 1. e4 {[%emt 0:00:02]} c5 {[%emt 0:00:36]} 2. Nf3 {[%emt 0:00:08]} e6 {[%emt 0:00:13]} 3. d4 {[%emt 0:00:31]} cxd4 {[%emt 0:00:03]} 4. Nxd4 {[%emt 0:00:16]} a6 {[%emt 0:00:02]} 5. Nc3 {[%emt 0:01:27]} Qc7 {[%emt 0:01:11]} 6. Bd3 {[%emt 0:05:39]} Nf6 {[%emt 0:00:18]} 7. O-O {[%emt 0:01:09]} Bc5 {[%emt 0:00:11]} 8. Nf3 {[%emt 0:05:57]} Nc6 {[%emt 0:06:22]} 9. Bg5 {[%emt 0:02:18]} Be7 {[%emt 0:05:31]} 10. Re1 {[%emt 0:05:57]} d6 {[%emt 0:08:14]} 11. h3 {[%emt 0:08:51]} h6 {[%emt 0:03:41]} 12. Bf4 {[%emt 0:07:41]} g5 {[%emt 0:08:02]} 13. Bg3 {[%emt 0:13:12]} g4 {[%emt 0:13:11]} 14. e5 gxf3 {[%emt 0:08:37]} 15. exf6 {[%emt 0:00:09]} Bxf6 {[%emt 0:00:17]} 16. Qxf3 {[%emt 0:00:21]} Be5 {[%emt 0:00:32]} 17. Bxe5 {[%emt 0:05:37]} Nxe5 {[%emt 0:01:19]} 18. Qf6 {[%emt 0:00:22]} Rf8 {[%emt 0:04:06]} 19. Kh1 {[%emt 0:10:58]} Qe7 {[%emt 0:06:45]} 20. Qxh6 {[%emt 0:04:27]} Bd7 {[%emt 0:01:50]} 21. Nd5 {[%emt 0:04:53]} exd5 {[%emt 0:02:30]} 22. f4 {[%emt 0:01:32]} O-O-O {[%emt 0:00:28]} 23. fxe5 {[%emt 0:01:24]} dxe5 {[%emt 0:01:33]} 24. Qd2 {[%emt 0:00:19]} Rh8 {[%emt 0:01:39]} 25. Qc3+ {[%emt 0:00:12]} Kb8 {[%emt 0:01:26]} 26. Qxe5+ {[%emt 0:00:12]} Qxe5 {[%emt 0:00:38]} 27. Rxe5 {[%emt 0:00:05]} Rdg8 {[%emt 0:00:29]} 28. Kh2 {[%emt 0:01:11]} Be6 {[%emt 0:00:46]} 29. Rae1 {[%emt 0:00:35]} Kc7 {[%emt 0:01:39]} 30. Bf5 {[%emt 0:00:36]} Re8 {[%emt 0:09:57]} 31. Bxe6 {[%emt 0:00:43]} Kd6 {[%emt 0:01:58]} 32. Rxd5+ {[%emt 0:00:35]} Kc6 {[%emt 0:00:13]} 33. Bd7+ {[%emt 0:00:34]} Kxd5 {[%emt 0:02:11]} 34. Bxe8 {[%emt 0:00:21]} 1-0

[Event "GX Alekhine Open de Outono 2023"]
[Site "Lisboa, Portugal"]
[Date "????.??.??"]
[Round "7.1"]
[White "Descamps, Bert"]
[Black "Ferreira, Vasco Capitao Mendes"]
[Result "1/2-1/2"]
[WhiteElo "1786"]
[BlackElo "1538"]
[PlyCount "48"]

{[%evp 0,48,23,15,35,15,31,3,4,-10,24,13,12,-18,-16,-21,0,0,4,-22,1,-10,1,-5,2,-17,-2,-5,75,45,32,30,49,32,88,-19,29,52,45,-31,29,3,3,-42,-36,-189,-93,-78,-21,-35,2]} 1. e4 {[%emt 0:00:04]} e6 {[%emt 0:00:05]} 2. Qe2 {[%emt 0:00:15]} c5 {[%emt 0:00:11]} 3. g3 {[%emt 0:00:13]} Nc6 {[%emt 0:00:26]} 4. Nf3 {[%emt 0:00:12]} g6 {[%emt 0:00:24]} 5. Bg2 {[%emt 0:00:12]} Bg7 {[%emt 0:00:36]} 6. c3 {[%emt 0:00:50]} Nge7 {[%emt 0:00:50]} 7. O-O {[%emt 0:00:24]} e5 {[%emt 0:00:15]} 8. d3 {[%emt 0:01:05]} O-O {[%emt 0:00:09]} 9. a4 {[%emt 0:01:17]} a6 {[%emt 0:03:37]} 10. Be3 {[%emt 0:02:15]} d6 {[%emt 0:00:54]} 11. Na3 {[%emt 0:03:01]} Rb8 {[%emt 0:02:05]} 12. Rfd1 {[%emt 0:07:55]} Qc7 {[%emt 0:18:16]} 13. d4 {[%emt 0:11:43]} b6 {[%emt 0:10:02]} 14. Nc2 {[%emt 0:03:53]} Na5 {[%emt 0:07:01]} 15. dxe5 {[%emt 0:08:03]} dxe5 {[%emt 0:02:31]} 16. Nd2 {[%emt 0:04:40]} f5 {[%emt 0:10:30]} 17. f4 {[%emt 0:05:27]} exf4 {[%emt 0:10:21]} 18. Bxf4 {[%emt 0:02:53]} Be5 {[%emt 0:00:37]} 19. b4 {[%emt 0:05:12]} Nac6 {[%emt 0:06:17]} 20. Bxe5 {[%emt 0:05:03]} Nxe5 {[%emt 0:01:16]} 21. Nc4 {[%emt 0:03:16]} Be6 {[%emt 0:07:10]} 22. N2e3 {[%emt 0:03:47]} cxb4 {[%emt 0:03:37]} 23. Nxe5 {[%emt 0:00:49]} Qxe5 {[%emt 0:00:20]} 24. cxb4 {[%emt 0:01:00]} Rbc8 1/2-1/2